000 00434nam a22001697a 4500
020 _a9788126516407
082 _a620.0015
_bHUE/FI
100 _aHuebner, Kenneth H
_922
245 _aFinite element method for engineers
250 _a4th ed
260 _aNew Delhi
_bWiley India (P) Ltd.
_c2012
300 _a718
700 _aDewhirst, Donald L
_923
700 _aSmith, Douglas E
_924
700 _aByrom, Ted G
_925
942 _cBK
999 _c14078
_d14078